000 00431cam a2200181ua 4500
020 _c2.50
041 _ahin
_h
082 _a891.54
_bLAK/RA
100 _aLakshmi Narayana , Lal.
245 _aRakth kamal /
_cLakshmi Narayana Lal.
_hTextual Documents
250 _a1 /
_b.
260 _aDelhi :
_bRajkamal Prakash ,
_c1962.
300 _a112 ; .
365 _a2.50
504 _a
942 _cBK
999 _c6410
_d6410